LEADER 01626nam a2200301 i 4500 001 000000139450 003 CaOOAMICUS 005 20050523000000.0 008 050523s2005 it u000 u ita u 013 $a113483 020 $a88-324-0305-6 040 $aSeMil$bita 245 13$aIl finanziamento degli Enti non Profit :$bverso nuovi modelli organizzativi e di 'wellfare' /$ca cura di Adriano Propersi ; Prefazione di S.E. Cardinale Dionigi Tettamanzi ; Contributi di Fondazione ENI Enrico Mattei Andrea Gamba, Anna Venturino ; Intervist[e] a cura di Annamaria Braccini. 260 $aMilano :$bIl Sole 24 ORE,$c2005. 300 $aXI, 135 p. :$bgrafici, tabelle ;$c24 cm. 650 4$aWelfare - Riforma.$0(OLS)http://semarc/subject/19537 650 4$aIstituzioni nonprofit - Italia.$0(OLS)http://semarc/subject/22515 700 1 $aPropersi, Adriano.$0(OLS)http://semarc/name/44540 700 1 $aBraccini, Annamaria.$0(OLS)http://semarc/name/56306 700 1 $aVenturino, Anna.$0(OLS)http://semarc/name/56305 700 1 $aGamba, Andrea.$0(OLS)http://semarc/name/56304 700 1 $aTettamanzi, Dionigi,$c.$0(OLS)http://semarc/name/89456 850 $aSeMil 852 $aSeMil$W1$xVenegono$y1$m3M IV 41$j92859$B92859$CSeMilBibl$Z2$F98644 $81 961 $aOmaggio: Pontiggia don Virginio 996 $6020$a88-324-0305-6$9(OLS)http://semarc/number/127493 996 $6245$aIl finanziamento degli Enti non Profit :$bverso nuovi modelli organizzativi e di 'wellfare'$9(OLS)http://semarc/title/203753 996 $6260$aMilano :$bIl Sole 24 ORE$9(OLS)http://semarc/publisher/32564 LEADER 01133nam a2200265 i 4500 001 000000099422 003 CaOOAMICUS 005 20030924000000.0 008 030924s1989 xx u000 u und u 013 $a71574 020 $a88-7746- 040 $aSeMil$bita 100 1 $aKluge, Manfred.$0(OLS)http://semarc/name/43251 245 13$aLa saggezza ebraica. Testi sapienziali, proverbi e detti. 260 $aParma :$bGuanda,$c1989. 300 $a109 p. 650 4$aBibbia. Antico testamento. Sapienza - Commentari, studi, critica, interpretazioni.$0(OLS)http://semarc/subject/2660 650 4$aGiudaismo.$0(OLS)http://semarc/subject/2880 700 1 $aDe Benedetti, Paolo ,$d<1927-2016>.$0(OLS)http://semarc/name/2612 700 1 $aBassani, Franco.$0(OLS)http://semarc/name/26283 850 $aSeMil 852 $aSeMil$W1$xVenegono$y1$m177 3 1 *$j56922$B56922$CSeMilBibl$Z2$F66933 $81 996 $6020$a88-7746-$9(OLS)http://semarc/number/66046 996 $6245$aLa saggezza ebraica. Testi sapienziali, proverbi e detti$9(OLS)http://semarc/title/146960 996 $6260$aParma :$bGuanda$9(OLS)http://semarc/publisher/31392